La ciudad escindida los problemas nacionales y la Región Metropolitana

Spremljeno u:
Bibliografski detalji
Glavni autori: Hardy, Clarisa (Autor), Legassa, Victoria (Autor)
Format: Knjiga
Jezik:španjolski
Izdano: Santiago P.E.T 1989
Teme:
Oznake: Dodaj oznaku
Bez oznaka, Budi prvi tko označuje ovaj zapis!

MARC

LEADER 00000nam a2200000 a 4500
001 UCX2069
003 CL-VaPUC
008 910313e19890000CL |||||||||||||||||spa|d
082 0 4 |a 307.76  |b HAR  |2 21 
100 |a Hardy, Clarisa  |e author  |9 551650 
700 |a Legassa, Victoria  |e author  |9 323100 
245 1 3 |a La ciudad escindida los problemas nacionales y la Región Metropolitana 
300 |a 267 p 
942 |c BK 
945 |d 19910313 00:00:00 
260 |a Santiago  |b P.E.T  |c 1989 
650 0 |a Urbanización   |9 265706 
650 7 |a DESARROLLO URBANO  |2 CL-VaPUC  |9 317867 
651 7 |a REGION METROPOLITANA DE SANTIAGO, CHILE  |2 CL-VaPUC  |9 258177 
583 |a last modification  |c 19910313 00:00:00  |k Rodrigo Vera 
999 |c 223167  |d 223165 
952 |0 0  |1 0  |4 0  |6 307_760000000000000_HAR_1989  |7 0  |8 A  |9 218691  |a BIBGIM  |b BIBGIM  |d 2019-11-15  |i 2874911  |o 307.76 HAR 1989  |p 2874911  |r 2025-01-15  |w 2019-11-15  |y BK  |k SSL